000 00797nam a2200253Ia 4500
003 GCL
008 140319s9999 xx 000 0 ara d
020 _a5087215977
040 _aGCL /
_cGCL
082 0 4 _a658
_bع ا
100 1 _aعلى السلمى
245 1 0 _aالادارة المصرية فى مواجهة الواقع الجديد /
_cعلى السلمى
250 _aالاولى
260 _aالقاهرة :
_bمكتبة غريب ،
_c1992
300 _a263 ص ؛
_c24 سم
490 _aمكتبة الادارة الحديثة
_v0
650 0 4 _aمصر
650 0 4 _aاليابان
650 0 4 _aالادارة
650 0 4 _aالاحوال الاقتصادية
650 0 4 _aالادارة العلمية
650 0 4 _aمركز المعلومات
942 _2ddc
_cBK
999 _c35051
_d35051